000 00625nam a22001937a 4500
005 20251108165820.0
008 250721s1995 xx 000 0 ara d
082 1 4 _aم/526.9/مجم
245 1 0 _aالمصطلحات العسكرية :
_bمصطلحات المساحة /
250 _aط.2.
264 1 _aعمان :
_bمجمع اللغة العربية الأردني،
_c1995.
300 _a64ص.
650 1 7 _aمصطلحات المساحة
650 1 7 _aالمسح
650 1 7 _aالمعاجم الجفرافية
710 2 _aمجمع اللغة العربية الأردني
942 _2ddc
_cREF
999 _c32000
_d32000